00532nam a2200157Ia 4500100002500000942000700025654001300032245002700045260003800072082001700110300000800127546001200135999001700147952010500164952010500269 aSedgewick/ Flajolet  cBK aComputer aAnalysis of Algorithm bAddison Wesley PubaReadingc1996 a5.1bSED/FLA a492 aENGLISH c27427d27427 001040708CRCaCRCEbCRCEc1556 | 80d2023-03-17l0o5.1 SED/FLAp9361r2023-03-17w2023-03-17yBK 001040708CRCaCRCEbCRCEc1556 | 80d2023-03-17l0o5.1 SED/FLAp9362r2023-03-17w2023-03-17yBK